[Event "Pardubice KB Czech op"]
[Site "Pardubice"]
[Date "2003.07.25"]
[Round "8"]
[White "Erenburg, Sergey"]
[Black "Kurenkov, Nikolai"]
[Result "1-0"]
[WhiteElo "2512"]
[BlackElo "2410"]
[Annotator "Erenburg,S"]
[PlyCount "109"]
[EventDate "2003.07.18"]
[EventType "swiss"]
[EventRounds "9"]
[EventCountry "CZE"]
[SourceTitle "CBM 095 Extra"]
[Source "ChessBase"]
[SourceDate "2003.09.04"]
[SourceVersion "1"]
[SourceVersionDate "2003.09.04"]
[SourceQuality "1"]

1. e4 Nf6 2. e5 Nd5 3. d4 d6 4. Nf3 dxe5 (4... Bg4 {is much more popular
theoretical line.}) 5. Nxe5 Nd7 $5 {Very risky continuation, which allows
white to get a very dangerous attack after 6.Nxf7.} 6. Nf3 $5 {White could
sacrifise the knight on f7 and to get the position with black monarch in the
center. But I chose "positional" way to struggle for an advantage.} (6. Nxf7 $5
{See annotated game  0-1 Yemelin,V-Popov,V/St Petersburg 1998/CBM 65/[Finkel,A]
(33)}) 6... e6 7. c4 N5f6 8. Be2 b6 $146 {The only way to solve the problem of
developing light-squared bishop is its fianchetto on b7. But usually black
makes it after completing the development on the kingside. For instance:} (8...
c5 {1/2-1/2 Lautier,J-Shirov,A/Biel 1992/CBM 31/[Blatny,P] (53)}) (8... Be7 9.
O-O O-O 10. Nc3 b6 11. Bg5 Bb7 12. Re1 {+/=/=}) 9. O-O Bb7 10. Nc3 Bd6 11. Nb5
$5 {One of the ways to fight for an edge is to get the pair of bishops,
eliminating the opponent's dark-squared one. Another possible attempt is} (11.
Bg5 $14) 11... O-O 12. Qb3 {threatening the breakthrough c4-c5.} ({The
alternative to the move in the game could be, of course,} 12. Nxd6 cxd6 $14 {
/=. The chances of the opponents are approximately equal, while I would prefer
to play for a white side, due to a pair of bishops.}) 12... Be7 13. Bf4 c6 (
13... Ne8 {is too passive.} 14. Rfd1 $14) 14. Nc3 (14. Nd6 {doesn't promise
anything special:} Qc7 $1 15. c5 Ne4 $1 $132 ({But not} 15... Nh5 {in view of}
16. Be5 $14)) 14... Nh5 $1 {Typical idea to drive away the white's
dark-sqaured bishop from the diagonal h2-b8, thus occupying it with the queen.}
15. Be3 Qc7 {[%cal Gh5f4]} 16. g3 {covering the f4 square.} g6 17. Rfd1 $14 {
White's chances are slightly higher, thanks to a space advantage.} (17. Rfe1 {
comes to consideration.}) 17... Rad8 18. Rd2 {White is going to put his rooks
on the "d" line, threatening, sometimes, to provide the breakthrough d4-d5.}
Ndf6 {[%cal Gf6g4]} 19. Bg5 (19. Ne5 {is parried by} c5 $1 $11) 19... Kg7 {
preparing the exile of the white's dark-squared bishop with following h7-h6.}
20. Ne1 h6 {Another two following possibilities don't promise black an
equality:} (20... e5 21. dxe5 Qxe5 22. Nf3 $14) (20... c5 21. Nb5 $1 (21. d5
exd5 22. cxd5 Nxd5 23. Nxd5 Bxd5 24. Rxd5 Rxd5 25. Qxd5 Rd8 26. Bh6+ Kxh6 27.
Qxf7 $13) 21... Qb8 22. Bxh5 $1 gxh5 23. Bf4 Qa8 24. Nc7 $1 Qc8 25. d5 $1 $14)
21. Be3 Kh7 {preparing the transfer of the h5 knight to f5 via g7.} 22. Rad1
Ng7 23. Ng2 ({Deserved attention.} 23. Bf4) 23... Rd7 {consolidating the rooks
on the "d" line.} 24. g4 $6 {limiting the possibilities of the g7 knight. On
the other hand, white weakens the dark squares in his camp.} ({Probably better
was} 24. Bf4 Qc8 (24... Bd6 25. Bxd6 Rxd6 26. c5 $14 {[%cal Yg2e3] and black
has some problems with his light-squared bishop.}) 25. Be5 Rfd8 26. Ne3 $14 {
[%cal Gg3g4]}) 24... Rfd8 $11 25. Bf4 Bd6 26. Bxd6 Rxd6 27. Bf3 $2 {missing
black's next move.} ({Of course, better was immediate} 27. f4 {with following
Bf3.}) 27... e5 $1 $15 28. d5 (28. Nd5 {doesn't change the evaluation of
position:} cxd5 29. dxe5 Re6 30. exf6 dxc4 31. Qc3 Rxd2 32. Rxd2 Bxf3 33. fxg7
Bxg4 $17) ({Of course not} 28. Ne2 e4 $19) {[%tqu "En","Please find the best
move for black.","","","g7e6","",10]} 28... Ne6 $1 {[%cal Ye6d4]} 29. Ne3 $8 {
The only way to neutralize black's counterplay is to sacrifise the exchange.}
Nd4 30. Rxd4 exd4 31. Rxd4 R6d7 32. Qd1 Qe5 33. Bg2 Kg7 34. h4 a6 {preparing
to attack white's center with b6-b5.} 35. a4 Rd6 36. b4 c5 $6 {remaining white
strong advanced pawn d5.} ({Better was} 36... R6d7) 37. bxc5 bxc5 38. Rd3 Bc8 {
[%cal Yd6b6] getting into the game light-squared bishop.} 39. a5 $1 {[%cal
Yc3a4,Ya4b6]} h5 $6 ({I would recommend} 39... Bd7 $15 {with following Rb8.})
40. g5 Ng4 41. Nxg4 ({Interesting alternative was} 41. Ne4 Qh2+ 42. Kf1 Ne5 $1
(42... Qxh4 43. Nxg4 Bxg4 44. Qa1+ $16) 43. Nxd6 Rxd6 44. Qa1 {[%cal Ya1g7,
Ya1a3,Ga3c5]} Bh3 $13) 41... Bxg4 42. Qd2 Bf5 43. f4 $1 (43. Re3 Qd4 44. Ne4
$11) 43... Qe7 44. Re3 Qc7 45. Na4 {Now it is clear, that the initiative is in
the white's hands. He has strongholds b6 and e5, strong advanced pawn d5 and
control over the "e" line. At the same time black has some problems with dark
squares and weakness of c5 pawn.} R6d7 46. Re5 $1 $36 {White could achieve an
equality after} (46. Nb6 Re7 47. d6 Rxd6 48. Nd5 $11 {, but, white wanted more.
..}) 46... Re7 $2 ({More stubborn is} 46... Rb8 47. Nb6 $140 Rxb6 $1 48. axb6
Qxb6) 47. Qb2 {[%csl Ge5][%cal Yb2g7,Gb2b6]} (47. Qe3 $16 {was strong enough
as well.}) 47... Kg8 48. Qb6 $1 Bc2 $2 {Decisive mistake. Black saved some
chance after} (48... Rd6 49. Qxc7 Rxc7 50. Re8+ Kg7 51. Nb6 $16) 49. Nxc5 $18 {
Now white has a positional advantage, as well as a material one.} Rd6 50. Qb4
Qa7 51. Kh2 {[%cal Re5e7,Yc5b7] Good profilactic move.} Rd8 (51... Rc7 52. Re8+
Kh7 53. Qc3 $18) 52. Qb6 $1 Rc8 53. d6 $1 {Now white's pawns are unstoppable.}
Rd7 54. Qxa7 Rxa7 55. d7 {[%cal Ge5e8]} 1-0

[Event "Cannes team g/60"]
[Site "Cannes"]
[Date "1992.??.??"]
[Round "3"]
[White "Van der Wiel, John"]
[Black "Santo Roman, Marc"]
[Result "1-0"]
[WhiteElo "2540"]
[BlackElo "2495"]
[Annotator "Ernst,T"]
[PlyCount "119"]
[EventDate "1992.02.??"]
[EventType "team"]
[EventRounds "6"]
[EventCountry "FRA"]
[SourceTitle "CBM 028"]
[Source "ChessBase"]
[SourceDate "1992.06.01"]
[SourceVersion "1"]
[SourceVersionDate "1992.06.01"]
[SourceQuality "1"]

1. e4 Nf6 2. e5 Nd5 3. d4 d6 4. Nf3 g6 5. Bc4 Nb6 6. Bb3 Bg7 7. a4 a5 8. Qe2
Nc6 9. O-O dxe5 (9... O-O 10. h3 Bf5 11. Re1 Qc8 12. Nc3 $14 {Fedorowicz -
Alburt, USA (ch) 1989.}) 10. dxe5 Nd4 11. Nxd4 Qxd4 12. e6 $1 (12. Re1 Bg4 $1
$10) 12... Bxe6 13. Bxe6 fxe6 {Dieselbe Stellung, aber ohne a4 a5, wurde in
der Begegnung Geller - Alburt, URS (ch) 1975 erreicht, ebenfalls mit weissem
Vorteil.} 14. Qxe6 Qc4 15. Qxc4 Nxc4 16. Ra2 Rf8 17. b3 Nd6 18. Ba3 $14 Rf5 19.
c4 Bf6 20. Re2 Re5 21. Rxe5 Bxe5 22. Nd2 Rd8 23. Nf3 Bf6 24. Rd1 Nf5 25. Rxd8+
Kxd8 26. g4 Nd4 27. Nxd4 Bxd4 28. Kf1 e5 $6 29. f3 Kd7 30. Ke2 Ke6 31. Kd3 b6
32. Ke4 Bg1 33. h3 Bf2 34. Bb2 Bg3 35. c5 $1 $16 Bh2 36. Bc3 Bg3 37. Ba1 Bh2
38. Bb2 Bg3 39. Bc3 Bh2 40. Be1 Bg1 41. cxb6 cxb6 42. Bg3 Bd4 43. Bh2 g5 (43...
Bc3 44. Bg1 $18) 44. Bg3 h6 45. Be1 Bc5 46. h4 Be7 47. hxg5 hxg5 48. Bc3 Bf6
49. b4 axb4 50. Bxb4 Bd8 51. Be1 Be7 52. Bf2 Bc5 (52... Bd8 53. Be3 $18) 53.
Bxc5 bxc5 54. a5 Kd6 55. Kd3 Kd5 56. Kc3 Kd6 57. Kc4 Kc6 58. a6 Kb6 59. a7 Kxa7
60. Kxc5 1-0

[Event "Dortmund op-A"]
[Site "Dortmund"]
[Date "1992.??.??"]
[Round "4"]
[White "Ernst, Thomas"]
[Black "Komarov, Dimitri"]
[Result "1-0"]
[WhiteElo "2535"]
[BlackElo "2455"]
[Annotator "Ernst,T"]
[PlyCount "120"]
[EventDate "1992.04.??"]
[EventType "swiss"]
[EventRounds "11"]
[EventCountry "GER"]
[SourceTitle "CBM 029"]
[Source "ChessBase"]
[SourceDate "1992.08.01"]
[SourceVersion "1"]
[SourceVersionDate "1992.08.01"]
[SourceQuality "1"]

1. e4 Nf6 2. e5 Nd5 3. d4 d6 4. Nf3 dxe5 5. Nxe5 Nd7 6. Nxf7 $5 Kxf7 7. Qh5+
Ke6 8. g3 $1 b5 (8... N7f6 9. Bh3+ Kd6 10. Qe5+ Kc6 11. Bg2 b5 12. a4 b4 13. c4
bxc3 14. bxc3 Ba6 15. Nd2 e6 16. c4 Bd6 17. Qxe6 $1 $18 {Utkin - Grants,
Fernpartie 1971.}) 9. a4 c6 10. axb5 g6 $1 {Larsen.} 11. Qe2+ Kf7 12. bxc6 N7b6
13. Bg2 Nf6 (13... Bg7 $1 14. c4 Nb4 15. d5 Bf5 16. Be4 Bxe4 17. Qxe4 N4xd5 $1
18. cxd5 Qxd5 19. Qf4+ Bf6 $10) 14. c3 Bg7 (14... Be6 15. Nd2 Bd5 16. Nf3 Ke8
17. O-O Bc4 18. Qe5 Bxf1 19. Bxf1 $44) 15. Nd2 Re8 16. Nf3 (16. O-O a5 $1 $13)
16... Kg8 17. O-O Bg4 18. h3 Bxf3 19. Qxf3 e6 (19... e5 20. dxe5 Rxe5 21. Bf4
$1 $16) 20. Bg5 Qd5 21. Qf4 Qf5 (21... Qb3 22. Bxf6 Rf8 23. c7 Rae8 24. Bc6
Rxf6 25. Qxf6 Bxf6 26. Bxe8 $16) 22. Qxf5 gxf5 23. c7 $1 {Das Läuferpaar soll
behalten werden, deshalb nicht 23.L:f6 L:f6 24.c7.} Nfd5 24. Bd8 a5 25. Rfe1
Rc8 (25... Kf7 26. Bxd5 Nxd5 27. Rxa5 Rc8 28. Rc5 Bf6 $2 29. Rxd5 $1 exd5 30.
Rxe8 Kxe8 31. Bxf6 $16) (25... Kf7 26. Bxd5 exd5 27. Rxe8 Kxe8 28. Re1+ $16)
26. Rxa5 Nxc7 27. Bxc7 Rxc7 28. Rxf5 $1 $18 exf5 29. Rxe8+ Kf7 30. Rb8 Nc8 31.
Kf1 Nd6 32. Bd5+ Ke7 33. Ke2 Ra7 34. Ra8 Rxa8 35. Bxa8 Nc4 36. b3 Nb6 37. Bb7
Kd6 38. Kd3 Kc7 39. Bf3 Nd7 40. b4 Nf8 41. Bd5 Ng6 42. Bg8 h6 43. Bf7 Ne7 44.
b5 Nc8 45. c4 Nd6 46. Bd5 f4 47. g4 Bf6 48. b6+ Kxb6 49. c5+ Kc7 50. cxd6+ Kxd6
51. Ke4 Bd8 52. Bb3 Bb6 53. f3 Ke7 54. d5 Kf6 55. d6 Kg5 56. h4+ Kxh4 57. Kxf4
Bd8 58. d7 h5 59. Kf5 hxg4 60. fxg4 Be7 1-0

[Event "Yerevan zt 1.5"]
[Site "Yerevan"]
[Date "2000.06.11"]
[Round "5"]
[White "Aronian, Levon"]
[Black "Nalbandian, Tigran"]
[Result "1/2-1/2"]
[WhiteElo "2587"]
[BlackElo "2448"]
[Annotator "Finkel,A"]
[PlyCount "88"]
[EventDate "2000.06.07"]
[EventType "swiss"]
[EventRounds "9"]
[EventCountry "ARM"]
[SourceTitle "CBM 078"]
[Source "ChessBase"]
[SourceDate "2000.10.18"]
[SourceVersion "1"]
[SourceVersionDate "2000.10.18"]
[SourceQuality "1"]

1. e4 Nf6 2. e5 Nd5 3. Nf3 d6 4. d4 c6 5. Be2 dxe5 6. Nxe5 Nd7 7. Nf3 g6 8. c4
Nc7 9. Nc3 Bg7 10. O-O O-O 11. Re1 {On my opinion white's set up is definitly
not the best to meet Alekhin,and the move in the game doesn't change the
eveluation of the position:black gets an equality without particular efforts.}
(11. Be3 c5 12. d5 e6 13. dxe6 Nxe6 14. Rc1 f5 15. Qd6 Qb6 16. Qxb6 Nxb6 $11 {
Joanovits,M-Dubois,M/FRA-chW 1995}) (11. Bg5 Ne6 12. Be3 Qc7 (12... Nf6 13. h3
Qc7 14. Qd2 Rd8 15. Rfe1 Nh5 16. Bf1 b6 17. Rad1 Bb7 18. Qc1 Rac8 $132 {
Zarnicki,P-Miles,A/Oviedo rapid 1993}) 13. Qc1 (13. Qd2 Rd8 14. Rad1 Ne5 15. d5
Ng4 16. Rfe1 Nxe3 17. Qxe3 Nf4 $13 {Ekstroem,R-Zelcic,R/Mitropa Cup 1995})
13... Nf6 14. h3 Rd8 15. Rd1 b6 16. Rd2 Bb7 17. Qd1 Rac8 18. Bf1 Qb8 $132 {
Milos,G-Nicoara Etchegaray,M/Elgoibar 1993}) (11. h3 c5 12. d5 b5 13. cxb5 Nb6
14. Ne4 a6 15. bxa6 Nxa6 16. Bb5 Bb7 17. Re1 Qxd5 $13 {Kuzmin,G-Miles,A/Agios
Nikolaos op 1995}) 11... c5 12. dxc5 (12. d5 e5 $1 13. Rb1 (13. Ne4 Ne8 14. a3
f5 15. Bg5 Qb6 $132) 13... Ne8 14. b4 Nd6 $132) 12... Nxc5 13. Bg5 (13. Be3 b6
14. Qxd8 Rxd8 15. Rad1 Rxd1 16. Rxd1 Bxc3 17. bxc3 N7e6 $132) 13... Qxd1 14.
Nxd1 {White prefered to take with the knight because he probably wasn't sure
of the consequances of 14...Bxc3,but also after the continution in the game
black gets very good counterchanses.} (14. Raxd1 Bxc3 15. bxc3 f6 16. Be3 b6
17. Nd4 Bb7 $13) 14... Re8 15. Rc1 Bg4 $1 $11 16. Be3 (16. Nc3 Rad8 17. Be3 b6
18. b4 Bxf3 19. gxf3 (19. bxc5 $6 Bxc3 $1 (19... Bxe2 20. Nxe2 bxc5 21. Bxc5
Rd2 $11) 20. Rxc3 Bxe2 21. cxb6 Ne6 22. b7 Rd7 23. c5 Bb5 $15) 19... Nd3 20.
Bxd3 Rxd3 21. Nb5 Nxb5 22. cxb5 Red8 $15) 16... N7e6 17. b4 Bxf3 18. gxf3 Na6
19. a3 Nd4 20. Nc3 (20. c5 Nxe2+ 21. Rxe2 Nc7 22. c6 bxc6 23. Rxc6 Nd5 24. Bc5
$13) 20... Nxe2+ 21. Rxe2 Nc7 22. Nb5 $6 {So far both sides made the most
logical moves,but now white for some reason deviates from natural} (22. a4 $1
a6 23. Bb6 Rac8 {[%cal Gc7a8]} 24. a5 (24. Rd2 $2 Na8 $1 25. Bc5 b6 $19 {
[%csl Rc4]}) 24... e6 (24... Bxc3 $6 25. Rxc3 Nd5 26. cxd5 Rxc3 27. d6 Rc1+ 28.
Kg2 Rd1 29. Rxe7 $1 $14) 25. Na4 Nd5 26. Bc5 Nf6 $13 {,however with unclear,
but full of life position.Now the game very quickly ends up a draw.}) 22...
Nxb5 23. cxb5 Be5 24. Bxa7 (24. f4 Bd6 25. Rec2 a6 26. b6 Rad8 27. Kg2 h5 28.
Kf3 $11) 24... Bxh2+ $5 (24... Rxa7 25. Rxe5 Rxa3 26. Rc7 b6 27. Rexe7 Rxe7 28.
Rxe7 Rxf3 29. Rb7 Rf4 30. Rxb6 Rxb4 $11) 25. Kxh2 Rxa7 26. Rc7 Rxa3 27. Kg2 Rb3
28. Re4 (28. Rexe7 Rxe7 29. Rxe7 Rxb4 30. Rxb7 $11) 28... b6 29. Rb7 Kg7 30.
Rxb6 Rd8 31. Rb7 ({The last chanse for the game to be decided was} 31. Rxe7 Rd5
$1 32. Re4 Rb2 (32... Rf5 33. f4) 33. Rb8 Rdd2 34. Kg3 Kf6 $13) 31... e5 32.
Rxe5 Rxb4 33. Re4 Rdd4 $1 34. Rxd4 Rxd4 $11 35. Kg3 Rb4 36. Kg2 h5 37. Kg3 g5
38. Rb6 f6 39. Rb8 Kg6 40. b6 h4+ 41. Kg2 Kf5 42. b7 Rb2 43. Kh3 Rb4 44. Kh2
Rb2 1/2-1/2

[Event "FIDE World Cup KO (Women)"]
[Site "Shenyang"]
[Date "2000.09.13"]
[Round "3.2"]
[White "Xu, Yuhua"]
[Black "Zhukova, Natalia"]
[Result "1-0"]
[WhiteElo "2505"]
[BlackElo "2450"]
[Annotator "Finkel,A"]
[PlyCount "147"]
[EventDate "2000.09.07"]
[EventType "k.o."]
[EventRounds "4"]
[EventCountry "CHN"]
[SourceTitle "CBM 079"]
[Source "ChessBase"]
[SourceDate "2000.11.21"]
[SourceVersion "1"]
[SourceVersionDate "2000.11.21"]
[SourceQuality "1"]

1. e4 Nf6 2. e5 Nd5 3. d4 d6 4. Nf3 dxe5 5. Nxe5 g6 6. Bc4 c6 7. O-O (7. Nd2
Be6 8. Ne4 Nc7 9. Be2 Bd5 10. Bd3 Bg7 11. O-O O-O 12. c3 Nd7 13. f4 Bxe4 14.
Bxe4 Nf6 15. Bd3 e6 $13 {Egger,J-Petrov,J/WchJM-U20 Buenos Aires ;EXP 32 1992})
(7. h4 Nd7 8. Nxd7 Bxd7 9. h5 Bg7 10. c3 Qc7 11. Nd2 O-O-O 12. Ne4 e5 13. h6
Bf8 14. Bg5 Re8 15. O-O $14 {Reeh,O-Maus,So/BL 9293 (1993) ;BL 1993}) 7... Bg7
8. Re1 O-O 9. Bb3 (9. Bf1 Bf5 10. c4 Nb4 11. Na3 Nd7 12. Ng4 Bxg4 13. Qxg4 e5
14. Bg5 Bf6 $13 {Handoko,E-Kupreichik,V/Moscow olm (13) INA-BLR ;CBM 45 1994})
9... a5 (9... Nd7 10. Nf3 b5 11. Bxd5 cxd5 12. Nc3 a6 13. Nxd5 e6 14. Nc3 $14 {
Kosten,A-Pytel,K/Aix les Bains (04) ;TD 91\02 1991}) (9... Be6 10. Nd2 Nd7 11.
Nef3 Nc7 12. c3 Bd5 13. Ne4 Re8 14. Bg5 Ne6 15. Bh4 Nb6 16. Qc2 $14 {Yudasin,
L-Agdestein,S/Moscow PCA-op rapid 1994}) 10. a4 (10. c4 Nb6 11. Nc3 N8d7 12.
Nxd7 Nxd7 13. Bf4 Re8 14. d5 Nc5 15. Bc2 e5 16. Be3 $14 {Kovalevskaya,
E-Zhukova,N/ch-Europe Women 2000}) (10. c3 Bf5 (10... Nd7 11. Nf3 N7b6 12. a4
Qc7 13. Bg5 Bg4 14. Nbd2 c5 15. h3 Bxf3 16. Qxf3 $14 {Kortschnoj,V-Vaganian,R/
Horgen 1995}) 11. h3 (11. Nd2 Nd7 12. Ndf3 N7f6 13. a4 Qc7 14. Nc4 Rad8 15.
Nce5 Nd7 16. Nd3 N7f6 17. h3 $14 {Arnason,J-Knezevic,M/Grindavik (08) ;MCL 03
1984}) 11... Nd7 12. Nf3 N7b6 13. a3 Qc7 14. Nbd2 a4 15. Ba2 (15. Bc2 Bxc2 16.
Qxc2 c5 $10) 15... c5 16. dxc5 Qxc5 17. Ne4 Bxe4 18. Rxe4 $14 {Short,
N-Agdestein,S/Isle of Lewis 1995}) 10... Be6 (10... Nd7 11. Nf3 e6 12. Bg5 Qc7
13. Qd2 Re8 14. Na3 b6 15. Rad1 Ba6 16. Nc4 $14 {Rosito,J-Llanos,G/ARG-ch sf
1998}) 11. c3 {This variation leads to slow manouvering where white's chanses
are preferable due to advantage in space and more convinient position of the
pieces.} Nd7 (11... Qc7 12. Nd3 Nd7 13. Nd2 Rfe8 14. Ne4 h6 15. Qf3 Bf5 16. Bd2
Qb6 17. Bc2 Rad8 $132 {Godena,M-Kveinys,A/EU-chT Debrecen (09) LIT-ITA ;EU-chT
1992}) 12. Nd3 Bf5 13. Na3 Re8 14. Bg5 N5f6 (14... N7f6 15. Ne5 Nd7 16. Nxd7
Qxd7 17. Nc4 $14) 15. Bh4 h6 16. h3 e6 17. Bc2 (17. Ne5 Nxe5 18. dxe5 Qxd1 19.
Raxd1 Ne4 20. g4 Nc5 21. Bc4 Be4 $13) 17... Nb6 18. Nc5 Bxc2 19. Qxc2 Ra7 (
19... Qc7 20. Bg3 Qe7 21. Qb3 Nfd5 22. Nc2 $14 {[%csl Rb7]}) 20. Qb3 $1 {
[%cal Gb3b7] It becomes more and more difficult for black to find usefull
moves.} g5 (20... Nbd7 $5) 21. Bg3 Nfd5 22. Rad1 Qe7 23. Nc2 Nc8 (23... Nd7 $2
24. Nxb7) 24. Ne3 (24. c4 Nf6 25. Ne3 {[%cal Ge3f5]} b6 26. Nd3 (26. Nf5 $6
exf5 (26... Qf8 27. Nxg7 Qxg7 28. Nd3 $16) 27. Rxe7 Raxe7 28. Nd3 f4 29. Bh2
Nd7 $44 {[%cal Gc8d6,Gd6f5]}) 26... Qd8 27. Ne5 $14) 24... Nxe3 25. Rxe3 b6 26.
Nd3 {[%csl Rb6]} Rb7 27. Rde1 Nd6 28. Ne5 {Even after changing the knigts
black still faces serious difficulties because of vulnareble pawn structure on
the quuenside.} Rc8 (28... Nf5 29. Nxc6 Qd7 30. Ne5 Qd5 31. Qxd5 exd5 32. Rf3
$16) 29. R3e2 Qd8 30. Nf3 b5 31. axb5 Rxb5 $6 {Dubious decision,becuase now
the pawn on a5 becomes serious weakness.} (31... cxb5) 32. Qa2 Nf5 33. Be5 Bf8
34. Nd2 Be7 (34... c5 35. c4 Rb7 36. d5 Rd7 37. Ne4 $16) 35. Ne4 Ra8 36. Qa4 $5
Rb6 (36... Qb6 37. Nf6+ Bxf6 38. Bxf6 Rxb2 39. Rxb2 Qxb2 40. Qxc6 $16) 37. Ra1
Rba6 38. Ree1 Qb6 39. Ra2 Qb5 40. Nf6+ Kf8 41. Qc2 {[%cal Gg2g4,Gc2h7]
Suddenly black king is in danger.} Bxf6 (41... c5 42. g4 Nh4 43. Qh7 Bd8 44. c4
{[%csl Ge8]} Nf3+ 45. Kh1 Qc6 46. d5 $18) 42. Bxf6 Kg8 43. Re5 Qb7 (43... Qc4
44. b3 {[%csl Rc4]}) 44. Qe2 $1 {[%cal Ge2h5]} Kh7 45. Qh5 Rg8 $6 (45... Ng7
46. Qe2 $5 (46. Bxg7 Kxg7 47. h4 Qb3 (47... gxh4) 48. Ra1 (48. hxg5 Qxa2 49.
Qxh6+ Kg8 50. g6 Qb1+ 51. Kh2 fxg6 52. Rg5 Kf7) 48... Qxb2 49. Rae1 gxh4 50.
R1e4 $40)) 46. Rexa5 Rxa5 47. Rxa5 Rg6 48. Be5 f6 (48... Qxb2 49. Ra7 {[%csl
Rf7]} Qxc3 50. Rxf7+ Ng7 51. Bxg7 Rxg7 52. Rf6 $18) 49. Bg3 Nxg3 50. fxg3 Qc7
51. Rc5 $1 {[%csl Rc6]} Qxg3 52. Qf3 Qe1+ 53. Kh2 f5 (53... g4 54. hxg4 Qh4+
55. Qh3 $18) 54. Rxc6 Rg7 (54... g4 55. Rc7+ Kh8 56. Qg3 $18 {[%cal Gg3e5]})
55. Qg3 Qe4 56. Rc7 f4 57. Rxg7+ Kxg7 58. Qf3 Qf5 59. b4 Kg6 60. Qg4 Qd5 61. h4
Qc4 62. Qf3 $1 Kf5 (62... Qb5 63. Qe4+ Kf6 64. Qh7 $18) 63. Qh5 $1 Qxc3 64.
Qf7+ Kg4 65. Qxe6+ Kh5 (65... Kxh4 66. Qxh6+ Kg4 67. Qe6+ Kh4 68. Qh3+ Qxh3+
69. gxh3 $18) 66. hxg5 Kxg5 67. Qg8+ Kh4 (67... Kf6 68. b5 Qe1 69. Qf8+ Kg5 70.
Qg7+ Kf5 71. Qe5+ $18) 68. Qd8+ Kg4 69. Qd7+ Kg5 70. Qg7+ Kf5 71. b5 Qe1 72.
Qe5+ Qxe5 73. dxe5 Kxe5 74. Kh3 1-0